|
|
|
|
| LEADER |
00919nab#a2200337#ar4500 |
| 001 |
000033613 |
| 003 |
SVKKK |
| 005 |
00000000000000.0 |
| 008 |
c xo e sloo |
| FMT |
|
|
|
| 038 |
|
|
|a SVKKK
|
| 040 |
|
|
|a SVKKK
|b slo
|e AACR2
|
| 041 |
0 |
|
|a slo
|
| 044 |
|
|
|a xo
|c SK
|
| 080 |
|
|
|a 30
|2 1981
|
| 080 |
|
|
|a 338.4:379.
|2 1981
|
| 100 |
1 |
|
|a Spiegelová, Dagmar
|4 aut
|
| 245 |
1 |
0 |
|a Biela stopa vedie krajinou víťazstiev a porážok nielen v športových zápasoch
|c Spiegelová Dagmar,
|
| 300 |
|
|
|b Fotogr
|
| 650 |
0 |
4 |
|a ruch turistický
|x reportáže
|
| 650 |
0 |
4 |
|a spory vlastnícke
|
| 650 |
0 |
4 |
|a Štrbské Pleso-osada, Vysoké Tatry
|x história a súčasnosť
|
| 773 |
0 |
|
|t Košický denník
|g Roč. 2, č. 21(2000), dát. 0127, s. 5
|
| 957 |
|
|
|a Štrbské Pleso
|
| 958 |
|
|
|a PP
|
| 958 |
|
|
|a TY
|
| 974 |
|
|
|d 000412
|a SAB
|
| 992 |
|
|
|a RBX
|
| BAS |
|
|
|
| 852 |
|
|
|a SVKKK
|b BIB
|
| 998 |
|
|
|a REG
|